00642nam a2200181 i 450000100060000000300090000600500170001500700030003200800410003524501060007625000150018226000430019730000220024070000300026285200310029299900170032395201200034082570ES-MaACL20230906174710.0t|041111s1977 sp ||||1| spa d00aImperialismo y comercio internacional b: (intercambio desigual) /cpor Arghiri Emmanuel... [et al.]. a[4ยช ed.]. a[Madrid] : bSiglo Veintiuno, c[1977] a249 p. ; c18 cm.1 aEmmanuel, Arghiri.947154 aES-MaACLjA-7007 bR.95928 c82570d82570 00104070aATENEOMbATENEOMcSPP1d2008-01-17eSCl0oA-7007p1086295r2023-02-23 00:00:00w2023-02-23yMONOGRAFIA